Návrh vhodného spôsobu valorizácie rastlinného zvyšku pri spracovaní &-lt;i&-gt;Agave tequilana&-lt;/i&-gt;

Gespeichert in:
Bibliographische Detailangaben
1. Verfasser: Nadányi, Richard (Verfasst von)
Weitere Verfasser: Ház, Aleš (Betreuung Doktorarbeit)
Format: Manuskript Buch
Sprache:Slowakisch
Veröffentlicht: 2018
Schlagworte:
Online-Zugang:http://is.stuba.sk/zp/portal_zp.pl?podrobnosti=126596
Tags: Tag hinzufügen
Keine Tags, Fügen Sie das erste Tag hinzu!

MARC

LEADER 00000ntm a22000003a 4500
001 stuzp68738
003 SK-STU
005 20180623210630.3
007 ta
008 150427s2015----xo-----f-mn---000-0-slo-d
040 |a STU  |b slo 
041 0 |a slo 
100 1 |a Nadányi, Richard  |u 049380  |4 aut  |U FCHPT Ústav prírodných a syntetických polymérov  |T FCHPT Oddelenie dreva, celulózy a papiera  |X 81964  |U C9380  |Y 129  |7 81964 
242 0 1 |a Design of a suitable process for the valorisation of the residue in the processing plant Agave tequilana  |y eng 
245 1 0 |a Návrh vhodného spôsobu valorizácie rastlinného zvyšku pri spracovaní &-lt;i&-gt;Agave tequilana&-lt;/i&-gt; 
260 |c 2018 
650 4 |a agáve  |2 slo 
650 4 |a GC/MS  |2 slo 
650 4 |a odpadová surovina  |2 slo 
650 4 |a využitie  |2 slo 
650 4 |a bagasa  |2 slo 
650 4 |a agave  |2 eng 
650 4 |a bagasse  |2 eng 
650 4 |a GC/MS  |2 eng 
650 4 |a waste material  |2 eng 
650 4 |a application  |2 eng 
700 1 |a Ház, Aleš  |u 049380  |k Z2  |4 ths  |U FCHPT Ústav prírodných a syntetických polymérov  |T FCHPT Oddelenie dreva, celulózy a papiera  |X 22008  |U C9380  |Y 129  |7 A000022008 
856 4 |u http://is.stuba.sk/zp/portal_zp.pl?podrobnosti=126596